000 00558nam a2200181Ia 4500
008 100917s9999 xx 000 0 und d
082 _b12352
100 _aकाकोडकर चंद्रकांत
245 _aसर्कस सुंदरी
260 _bमॅजेस्टिक प्रकाशन
_c1962
300 _a141
365 _b4
520 _aकादंबरी
630 _aसर्कस सुंदरी
650 _aकादंबरी
730 _aसर्कस सुंदरी
942 _cBOOK
999 _c617746
_d617743